| 000 | 00765nam a2200253 a 4500 | ||
|---|---|---|---|
| 001 | 2941019 | ||
| 003 | OSt | ||
| 005 | 20230629081535.0 | ||
| 008 | 891215s1987 ke af 000 0 eng | ||
| 010 | _a 89981047 | ||
| 020 | _a9966984003 | ||
| 040 |
_aDLC _cDLC |
||
| 043 | _af-ke--- | ||
| 050 | 0 | 0 |
_aTJ808.7.K4 _bH36 1987 |
| 082 | 0 | 0 |
_a333.79/4/096762 _220 _bHAN |
| 100 | 1 | _aHankins, Mark. | |
| 245 | 1 | 0 |
_aRenewable energy in Kenya / _cMark Hankins. |
| 260 |
_aNairobi, Kenya : _bMotif Creative Arts, _cc1987. |
||
| 300 |
_a152 p., [1] leaf of plates : _bill. ; _c30 cm. |
||
| 650 | 0 |
_aRenewable energy sources _zKenya. |
|
| 906 |
_a7 _bcbc _corignew _d3 _encip _f19 _gy-gencatlg |
||
| 942 |
_2ddc _cBK |
||
| 999 |
_c2951 _d2951 |
||